Statistics for Поселки и села Украины

Click here to take the quiz!

General Stats

  • This quiz has been taken 14 times
  • The average score is 21 of 500

Answer Stats

HintAnswerDestrictPopulation% Correct
1КівшарівкаХарківська область20 729
50%
3ПісочинХарківська область17 801
50%
69АндріївкаХарківська область9 705
33%
88ЯрмолинціХмельницька область8 806
33%
14АнтонівкаХерсонська область13 015
33%
234БілеЛуганська область6 593
33%
39ВеселеЗапорізька область11 098
33%
76ЧорнобаївкаХерсонська область9 275
33%
80ГлибокаЧернівецька область9 124
17%
75ПервомайськеАР Крим9 384
17%
79ПетропавлівкаДніпропетровська область9 177
17%
81НовоайдарЛуганська область9 020
17%
82ЯсенівськийЛуганська область9 017
17%
78КозоваТернопільська область9 252
17%
83УспенкаЛуганська область8 974
17%
77ДубовеЗакарпатська область9 261
17%
84СолотвиноЗакарпатська область8 956
17%
72КрижопільВінницька область9 464
17%
74Міжгір'яЗакарпатська область9 421
17%
73Великий БичківЗакарпатська область9 423
17%
71БілозеркаХерсонська область9 564
17%
70БезлюдівкаХарківська область9 693
17%
68КрасноїльськЧернівецька область9 738
17%
67СмолінеКіровоградська область9 745
17%
66ЛюбашівкаОдеська область9 780
17%
65Куп'янськ-ВузловийХарківська область9 789
17%
64Червона СлободаЧеркаська область9 863
17%
63ДонецьХарківська область9 883
17%
62Новий СвітДонецька область9 889
17%
85СтрижавкаВінницька область8 930
17%
89НікольськеДонецька область8 779
17%
86КраснопілляСумська область8 905
17%
252РуднеЛьвівська область6 264
17%
196РокитнеРівненська область7 143
17%
386БлагодатнеВолинська область4 855
17%
410ХорошевеХарківська область4 620
17%
183МарківкаЛуганська область7 301
17%
381БлизнюкиХарківська область4 939
17%
178ІванівкаЛуганська область7 333
17%
379ПетропавлівкаЛуганська область4 981
17%
224ЧорноморськеОдеська область6 771
17%
351ОлександрівкаОдеська область5 188
17%
350ГвардійськеДніпропетровська область5 199
17%
2ПелагіївкаДонецька область17 891
17%
457ОлександрівкаДонецька область4 186
17%
60НовопсковЛуганська область9 952
17%
259Петропавлівська БорщагівкаКиївська область6 125
17%
122Слов'яносербськЛуганська область8 207
17%
121СофіївкаДніпропетровська область8 243
17%
329ВерховинаІвано-Франківська область5 412
17%
472ОлександрівкаДонецька область4 068
17%
274Стара СиняваХмельницька область5 961
17%
277ОлександрівкаМиколаївська область5 944
17%
283Козача ЛопаньХарківська область5 878
17%
314МіловеЛуганська область5 611
17%
96БіловодськЛуганська область8 626
17%
90ВарваЧернігівська область8 773
17%
61Велика ЛепетихаХерсонська область9 941
17%
201НовотроїцькеДонецька область7 093
17%
59Зимна ВодаЛьвівська область9 985
17%
23КрюківщинаКиївська область11 846
17%
29СлобожанськеДніпропетровська область11 528
17%
28ВеликодолинськеОдеська область11 610
17%
27ЧорноморськеАР Крим11 643
17%
5СлобожанськеХарківська область15 825
17%
6ПриморськийАР Крим14 860
17%
26ПокровськеДніпропетровська область11 661
17%
8Нижня КринкаДонецька область13 956
17%
9КоцюбинськеКиївська область13 934
17%
10РокитнеКиївська область13 690
17%
25НовотроїцькеХерсонська область11 703
17%
24ОвідіопольОдеська область11 818
17%
22МакарівКиївська область11 860
17%
31ОктябрськеАР Крим11 489
17%
21ВасильківкаДніпропетровська область12 028
17%
20ПерегінськеІвано-Франківська область12 272
17%
11МихайлівкаЗапорізька область13 671
17%
58ВрадіївкаМиколаївська область10 036
17%
19БородянкаКиївська область12 353
17%
18ГостомельКиївська область12 450
17%
12Нова ВодолагаХарківська область13 538
17%
17ГвардійськеАР Крим12 620
17%
16КотельваПолтавська область12 660
17%
15ЯкимівкаЗапорізька область12 832
17%
13СолоницівкаХарківська область13 153
17%
30ЗолочівХарківська область11 495
17%
7Станиця ЛуганськаЛуганська область14 543
17%
4КатеринівкаЛуганська область16 723
17%
49ЧерняхівЖитомирька область10 416
17%
42СовєтськийАР Крим10 963
17%
43Нью-ЙоркДонецька область10 948
17%
44БаришівкаКиївська область10 925
17%
45СартанаДонецька область10 772
17%
32СофіївкаДонецька область11 458
17%
47НижньогірськийАР Крим10 534
17%
48ІванківКиївська область10 424
17%
50ПокотилівкаХарківська область10 350
17%
40ЛетичівХмельницька область11 024
17%
51ПівнічнеДонецька область10 330
17%
52НовоолексіївкаХерсонська область10 224
17%
53ГаспраАР Крим10 178
17%
54БіленькеДонецька область10 172
17%
55МаневичіВолинська область10 119
17%
56Велика ДимеркаКиївська область10 105
17%
57СєвернеДонецька область10 094
17%
41ОлександрівкаКіровоградська область10 986
17%
46ЧаплинкаХерсонська область10 543
17%
38КаланчакХерсонська область11 116
17%
37ІванівкаХерсонська область11 116
17%
34ШирокеДніпропетровська область11 221
17%
35КрасногвардійськеАР Крим11 168
17%
36ГресівськийАР Крим11 138
17%
33ВисокийХарківська область11 415
17%
363ТарасівкаКиївська область5 091
0%
366РозсипнеДонецька область5 071
0%
358СтепанівкаСумська область5 150
0%
390СиневирЗакарпатська область4 805
0%
365ЗоряРівненська область5 080
0%
364КоротичХарківська область5 081
0%
391МошниЧеркаська область4 799
0%
394ДовбишЖитомирська область4 749
0%
359ЛозівськийЛуганська область5 146
0%
362Рахні-ЛісовіВінницька область5 101
0%
367РужинЖитомирська область5 067
0%
361ЗахарівкаОдеська область5 111
0%
392КомсомольськеАР Крим4 787
0%
393ОженинВінницька область4 777
0%
360ГощаРівненська область5 121
0%
382Великий БурлукХарківська область4 937
0%
389ДмитрівкаОдеська область4 806
0%
368ЗдовбицяРівненська область5 067
0%
385РівнеКіровоградська область4 877
0%
380СиваськеХерсонська область4 945
0%
383ЗавалляКіровоградська область4 922
0%
356ВоловецьЗакарпатська область5 178
0%
378КалитаКиївська область4 982
0%
377КомпаніївкаКіровоградська область4 993
0%
384ПетриківкаДніпропетровська область4 913
0%
376КачаАР Крим4 996
0%
375СаратаОдеська область5 008
0%
369РоганьХарківська область5 046
0%
387ФащівкаЛуганська область4 845
0%
374ШумськТернопільська область5 010
0%
373НовопокровкаХарківська область5 027
0%
388СтепногірськЗапорізька область4 822
0%
372КолочаваЗакарпатська область5 029
0%
371СваричівІвано-Франківська область5 039
0%
370СергіївкаОдеська область5 045
0%
357Стара ВижівкаВолинська область5 151
0%
337СтаромихайлівкаДонецька область5 337
0%
355ЯмпільСумська область5 178
0%
316ЕсхарХарківська область5 602
0%
325ШирецьЛьвівська область5 496
0%
324ЛюбешівВолинська область5 514
0%
323ЗоряОдеська область5 528
0%
322КирнасівкаВінницька область5 530
0%
321РожнівІвано-Франківська область5 563
0%
320КоропЧернігівська область5 567
0%
319СавинціХарківська область5 571
0%
318ЧечельникВінницька область5 590
0%
317Білогір'яХмельницька область5 592
0%
315ГородницяЖитомирська область5 604
0%
327МиропільЖитомирська область5 435
0%
395ЛужаниЧернівецька область4 738
0%
312ШевченковеОдеська область5 625
0%
311ЛюбимівкаХерсонська область5 631
0%
310ЄланецьМиколаївська область5 636
0%
309ОкниОдеська область5 636
0%
308Великі КопаніХерсонська область5 654
0%
307ПіщанкаВінницька область5 654
0%
306БалабинеЗапорізька область5 668
0%
305ВільшанкаКіровоградська область5 670
0%
326КомишувахаЗапорізька область5 452
0%
328БерезнаЧернігівська область5 422
0%
354БраїлівВінницька область5 180
0%
342СтарокозачеОдеська область5 278
0%
353Знам'янка ДругаКіровоградська область5 184
0%
352ТалалаївкаЧернігівська область5 185
0%
349КняжичіКиївська область5 207
0%
348КолінківціЧернівецька область5 245
0%
347ШишакиПолтавська область5 252
0%
346ЧемерівціХмельницька область5 263
0%
345НовогуйвинськеЖитомирська область5 267
0%
344Верхнє ВодянеЗакарпатська область5 272
0%
343БойківськеДонецька область5 273
0%
341ШклоЛьвівська область5 286
0%
330Велика ПисарівкаСумська область5 399
0%
340МиколаївкаДніпропетровська область5 318
0%
339ПулиниЖитомирська область5 323
0%
338ОтиніяІвано-Франківська область5 327
0%
336Липова ДолинаСумська область5 348
0%
335ПеченіжинІвано-Франківська область5 350
0%
334ДонськеДонецька область5 362
0%
333БрюховичіЛьвівська область5 385
0%
332БрусилівЖитомирська область5 385
0%
331ТеплеЛуганська область5 398
0%
313ПросянаДніпропетровська область5 618
0%
441ВендичаниВінницька область4 339
0%
396ОрлівщинаДніпропетровська область4 730
0%
463ЗаболотівІвано-Франківська область4 129
0%
473ГрицівХмельницька область4 056
0%
471ОльшанськеМиколаївська область4 069
0%
470Старий СалтівХарківська область4 073
0%
469СтепаньРівненська область4 073
0%
468ДубівськийЛуганська область4 074
0%
467ЗідькиХарківська область4 087
0%
466МашівкаПолтавська область4 092
0%
465КриничнеЛуганська область4 097
0%
464ТалаківкаДонецька область4 129
0%
462ЧкаловськеХарківська область4 139
0%
475Великі СорочинціПолтавська область4 050
0%
461УстинівкаКіровоградська область4 142
0%
460БерезанкаМиколаївська область4 163
0%
459ОброшинеЛьвівська область4 186
0%
458Черкаська ЛозоваХарківська область4 186
0%
456ЛеськиЧеркаська область4 188
0%
455ГніздичівЛьвівська область4 199
0%
454ПіщанкаДніпропетровська область4 228
0%
453ОржівРівненська область4 230
0%
452ДашівВінницька область4 233
0%
451БілолуцькЛуганська область4 236
0%
474МирнийАР Крим4 052
0%
476СофіївськийЛуганська область4 050
0%
449Сурсько-ЛитовськеДніпропетровська область4 264
0%
489ОржицяПолтавська область3 983
0%
499ЦибулівЧеркаська область3 905
0%
498КолкиВолинська область3 908
0%
497ОрелькаХарківська область3 909
0%
496КуликівЛьвівська область3 914
0%
495ЧаплинеДніпропетровська область3 928
0%
494ЗаріччяЗакарпатська область3 939
0%
493СімеїзАР Крим3 950
0%
492ЯреськиПолтавська область3 958
0%
491БедевляЗакарпатська область3 971
0%
490РаденськХерсонська область3 972
0%
488НовомиколаївкаДніпропетровська область3 985
0%
477ЧеркаськеДніпропетровська область4 046
0%
487ІванопільЖитомирська область3 993
0%
486ЗаріччяІвано-Франківська область3 997
0%
485ГрушівкаДніпропетровська область3 998
0%
484РожнятівІвано-Франківська область4 003
0%
483Нива ТрудоваДніпропетровська область4 004
0%
482Нове ДавидковоЗакарпатська область4 006
0%
481ЛокачіВолинська область4 008
0%
480ПідлипнеСумська область4 015
0%
479СтеблівЧеркаська область4 020
0%
478ЛюблинецьВолинська область4 044
0%
450ГолобиВолинська область4 240
0%
448МиколаївкаСумська область4 272
0%
397ОленівкаДонецька область4 729
0%
409КлесівРівненська область4 624
0%
420Білі ОславиІвано-Франківська область4 525
0%
419ЗасулляПолтавська область4 544
0%
418БагеровеАР Крим4 547
0%
417Нова УшницяХмельницька область4 557
0%
416ВелятиноЗакарпатська область4 576
0%
415БрилівкаХерсонська область4 580
0%
414КрасноріченськеЛуганська область4595
0%
413ВоскресенськеМиколаївська область4 597
0%
412ЛебединЧеркаська область4 611
0%
411ПнівІвано-Франківська область4 620
0%
408ГришківціЖитомирська область4 627
0%
422МеліоративнеДніпропетровська область4 519
0%
407ПетрівкаОдеська область4 647
0%
406КриничкиДніпропетровська область4 657
0%
405СуворовеОдеська область4 665
0%
404ТиврівВінницька область4 666
0%
403ГрадениціОдеська область4 668
0%
402СтіжківськеДонецька область4 682
0%
401ЛугиниЖитомирська область4 692
0%
400ПавлишКіровоградська область4 699
0%
399ВисокопілляХерсонська область4 699
0%
398Клавдієво-ТарасівкаКиївська область4 727
0%
421КриничнаДонецька область4 520
0%
423Великий ЛюбіньЛьвівська область4 516
0%
447КутиІвано-Франківська область4 272
0%
436ОнуфріївкаКіровоградська область4 397
0%
446БитківІвано-Франківська область4 273
0%
445ВерхнячкаЧеркаська область4 291
0%
444ТерновоЗакарпатська область4 302
0%
443Білий КолодязьХарківська область4 330
0%
442ЗаболоттяВолинська область4 333
0%
303Велика БагачкаПолтавська область5 686
0%
440АулиДніпропетровська область4 345
0%
439ШабельківкаДонецька область4 354
0%
438ЄркиЧеркаська область4 364
0%
437РозівкаЗапорізька область4 379
0%
435ТошківкаЛуганська область4 406
0%
424Скала-ПодільськаТернопільська область4 504
0%
434ТорчинВолинська область4 406
0%
433КольчиноЗакарпатська область4 407
0%
432ЗачепилівкаХарківська область4 409
0%
431ЗнаменівкаДніпропетровська область4 410
0%
430ДвурічнаХарківська область4 410
0%
429ДніпряниХерсонська область4 431
0%
428КозельщинаПолтавська область4 434
0%
427Новодар'ївкаЛуганська область4 460
0%
426ЛосинівкаЖитомирська область4 484
0%
425НовоолександрівкаДніпропетровська область4 502
0%
304ОлександрійськеКіровоградська область5 672
0%
251РодаковеЛуганська область6 292
0%
302КалинівкаКиївська область5 704
0%
154МалинівкаХарківська область7 725
0%
163Велика ОлександрівкаХерсонська область7 540
0%
162ВолодаркаКиївська область7 540
0%
161ТересваЗакарпатська область7 554
0%
160БороваКиївська область7 568
0%
159НовоархангельськКіровоградська область7 624
0%
158ВороніжСумська область7 652
0%
157Великий ДальникОдеська область7 655
0%
156ВипаснеОдеська область7 675
0%
155ЗаозернеАР Крим7 700
0%
153Олексієво-ДружківкаДонецька область7 746
0%
165Нова Збур'ївкаХерсонська область7 489
0%
152СвесаСумська область7 758
0%
151КушугумЗапорізька область7 780
0%
150Нова ПрагаКіровоградська область7 800
0%
149БерезнегуватеМиколаївська область7 800
0%
148КраснопавлівкаХарківська область7 828
0%
147ЦаричанкаДніпропетровська область7 839
0%
146ПантелеймонівкаДонецька облать7 842
0%
145РіпкиЧернігівська область7 877
0%
144СосницяЧернігівська область7 922
0%
143БілокуракинеЛуганська область7 969
0%
164ВласівкаКіровоградська область7 521
0%
166КвасилівРівненська область7 487
0%
141ГрадизькПолтавська область8 002
0%
180ВолодимирівкаДонецька область7 312
0%
190Нижня АпшаЗакарпатська область7 227
0%
189ШиряєвеОдеська область7 238
0%
188НовоозернеАР Крим7 242
0%
187ВільшаниХарківська область7 252
0%
186КомишаниХерсонська область7 254
0%
185ПриазовськеЗапорізька область7 266
0%
184ЛиманськеОдеська область7 301
0%
182БабаїХарківська область7 304
0%
181ШевченковеХарківська область7 306
0%
179ПанютинеХарківська область7 332
0%
167Мала ДанилівкаХарківська область7 471
0%
177АрбузинкаМиколаївська область7 383
0%
176Велика НовосілкаДонецька область7 385
0%
175ЄмільчинеЖитомирська область7 392
0%
174ЧернігівкаЗапорізька область7 415
0%
173СолонеДніпропетровська область7 428
0%
172КіровськеАР Крим7 431
0%
171Нова МаячкаХерсонська область7 459
0%
170БогородчаниІвано-Франківська область7 464
0%
169СеменівкаПолтавська область7 469
0%
168КлеваньРівненська область7 470
0%
142ПідволочиськТернопільська область7 977
0%
140ПонінкаХмельницька область8 002
0%
192ДеснаЧернігівська область7 180
0%
102БерегометЧернівецька область8 513
0%
111МлинівРівненська область8 446
0%
110ЛенінеАР Крим8 451
0%
109ДиканькаПолтавська область8 468
0%
108УсатовеОдеська область8 483
0%
107РатнеВолинська область8 489
0%
106ІларіоновеДніпропетровська область8 495
0%
105ГрушевеЗакарпатська область8 500
0%
104БуштинеЗакарпатська область8 506
0%
103ПетровеКіровоградська область8 512
0%
101Криве ОзероМиколаївська область8 525
0%
113ТроїцькеЛуганська область8 386
0%
100ДачнеОдеська область8 549
0%
99МаньківкаЧеркаська область8 596
0%
98ЛюбимівкаЛуганська область8 599
0%
97СахновщинаХарківська область8 625
0%
95ВапняркаВінницька область8 651
0%
94НовеКіровоградська область8 653
0%
93ГурзуфАР Крим8 676
0%
92ВолодимирецьРівненська область8 699
0%
91КозелецьЧернігівська область8 760
0%
87ГлевахаКиївська область8 835
0%
112МасандраАР Крим8 413
0%
114МангушДонецька область8 385
0%
139КельменціЧернівецька область8 007
0%
129ВишковоЗакарпатська область8 142
0%
138КраснокутськХарківська область8 008
0%
137ЛанчинІвано-Франківська область8 027
0%
136ХорошівЖитомирська область8 037
0%
135ЯсіняЗакарпатська область8 043
0%
134МежоваДніпропетровська область8 049
0%
133КоролевоЗакарпатська область8 064
0%
132Кам'янкаЗапорізька область8 083
0%
131ТомаківкаДніпропетровська область8 090
0%
130МиронівськийДонецька область8 100
0%
128Нові СанжариПолтавська область8 146
0%
115Велика БілозеркаЗапорізька область8 339
0%
127ТростянецьВінницька область8 151
0%
126ЛисянкаЧеркаська область8 161
0%
125РоздольнеАР Крим8 163
0%
124СтавищеКиївська область8 200
0%
123РоманівЖитомирська область8 202
0%
120ЧорнобайЧеркаська область8 263
0%
119ОбухівкаДніпропетровська область8 266
0%
118ДелятинІвано-Франківська область8283
0%
117КазанкаМиколаївська область8 306
0%
116ЯсногіркаДонецька область8 312
0%
191ВеселиновеМиколаївська область7 186
0%
193ПересічнеХарківська область7 176
0%
301ЗеленівкаХерсонська область5 706
0%
263Старий КримДонецька область6 069
0%
272Нижні СірогозиХерсонська область5 992
0%
271ОпішняПолтавська область6 003
0%
270БрацлавВінницька область6 033
0%
269ПеченігиХарківська область6 033
0%
268ПобузькеКіровоградська область6 042
0%
267Великий КучурівЧернівецька область6 053
0%
266КосмачІвано-Франківська область6 054
0%
265БалкиЗапорізька область6 057
0%
264ПартенітАР Крим6 061
0%
262ВасищевеХарківська область6 069
0%
275Мала БілозеркаЗапорізька область5 949
0%
261ТарутинеОдеська область6 080
0%
260ПопільняЖитомирська область6 109
0%
258ЧернухинеЛуганська область6 137
0%
257БратськеМиколаївська область6 148
0%
256Муровані КурилівціВінницька область6 177
0%
255НемішаєвеКиївська область6 178
0%
254НедригайлівСумська область6 186
0%
253МолодіжнеАР Крим6 264
0%
250КореїзАР Крим6 294
0%
249ІршанськЖитомирська область6 344
0%
273ГубинихаДніпропетровська область5 971
0%
276ТомашпільВінницька область5 944
0%
247КатеринопільЧеркаська область6 366
0%
291ДніпровськеДніпропетровська область5 809
0%
300ШацькВолинська область5 708
0%
299СокільникиЛьвівська область5 727
0%
298Нова БороваЖитомирська область5 746
0%
297Брошнів-ОсадаІвано-Франківська область5 760
0%
296ЦуманьВолинська область5 767
0%
295ВорзельКиївська область5 777
0%
294БіликиПолтавська область5 786
0%
293ЯлтаДонецька область5 798
0%
292Івано-ФранковеЛьвівська область5 803
0%
290ДимерКиївська область5 817
0%
278АграрнеАР Крим5 938
0%
289НовомиколаївкаЗапорізька область5 825
0%
288Велика МихайлівкаОдеська область5 841
0%
287ТурійськВолинська область5 866
0%
286КуликівкаЧернігівська область5 866
0%
285БілогородкаКиївська область5 868
0%
284ОлешникЗакарпатська область5 870
0%
282НоводонецькеДонецька область5 880
0%
281ОзернеЖитомирська область5 913
0%
280БорівськеЛуганська область5 928
0%
279МаякиОдеська область5 937
0%
248СутискиВінницька область6 355
0%
246ЧутовеПолтавська область6 372
0%
194ПісківкаКиївська область7 173
0%
208ДобровеличківкаКіровоградська область6 976
0%
217СавраньОдеська область6 837
0%
216ЗарічнеРівненська область6 854
0%
215ВілінеАР Крим6 913
0%
214ІваничіВолинська область6 918
0%
213ВіньківціХмельницька область6 937
0%
212КріпенськийЛуганська область6 941
0%
211ЛаданЧернігівська область6 944
0%
210ЛітинВінницька область6 971
0%
209КлішківціЧернівецька область6 972
0%
207ГребінкиКиївська область6 993
0%
219СлатинеХарківська область6 826
0%
206ГорностаївкаХерсонська область6 999
0%
205БудиХарківська область7 004
0%
204ТурбівВінницька область7 013
0%
203ТеофіпольХмельницька область7 026
0%
202ЗуяАР Крим7 027
0%
200ШабоОдеська область7 108
0%
199НововоронцовкаХерсонська область7 115
0%
198СтаробешевеДонецька область7 118
0%
197ГольмівськийДонецька область7 127
0%
195ДрабівЧеркаська область7 172
0%
218БилбасівкаДонецька область6 830
0%
220ЧинадійовоЗакарпатська область6 823
0%
245ВороновицяВінницька область6 406
0%
235Софіївська БорщагівкаКиївська область6 571
0%
244ГородківкаВінницька область6 434
0%
243ГеоргіївкаЛуганська область6 465
0%
242ЧервонеЛьвівська область6 475
0%
241НовофедорівкаАР Крим6 493
0%
240МагдалинівкаДніпропетровська область6 493
0%
239Велика БерезовицяТернопільська область6 503
0%
238ГусятинТернопільська область6 506
0%
237ДоброславОдеська область6 506
0%
236КегичівкаХарківська область6 539
0%
233КарнаухівкаДніпропетровська область6 597
0%
221БороваХарківська область6 806
0%
232ЗгурівкаКиївська область6 629
0%
231НовгородкаКіровоградська область6 632
0%
230Великий БерезнийЗакарпатська область6 655
0%
229ГолованівськКіровоградська область6 660
0%
228ДобротвірЛьвівська область6 683
0%
227ЧервоногригорівкаДніпропетровська область6 710
0%
226ДоманівкаМиколаївська область6 723
0%
225ТепликВінницька область6 737
0%
223Верхній РогачикХерсонська область6 789
0%
222ДовгеЗакарпатська область6 790
0%
500БанилівЧернівецька область3 897
0%

Score Distribution

Percentile by Number Answered

Percent of People with Each Score

Your Score History

You have not taken this quiz